LEADER 00793nam a2200193 i 4500 001 000000198357 003 CaOOAMICUS 005 20110301000000.0 008 110301s1954 it u000 u ita u 013 $a177045 040 $aSeMil$bita 100 1 $aPugliese, Giovanni.$0(OLS)http://semarc/name/71775 245 10$aUsufrutto, uso, abitazione /$cGiovanni Pugliese. 300 $a809 p. 650 4$aUsufrutto .$0(OLS)http://semarc/subject/37221 773 0 $tTrattato di diritto civile italiano redatto da diversi giureconsulti.$dTorino : Unione Tipografico-Editrice Torinese, [1949?]$gVolume4$w()24462 850 $aSeMil 852 $aSeMil$W1$xVenegono$y1$m3L IV 153$j148913$B148913$CSeMilBibl$Z2$F160326 $81 996 $6245$aUsufrutto, uso, abitazione$9(OLS)http://semarc/title/286596 LEADER 01447nam a2200277 i 4500 001 000000076493 003 CaOOAMICUS 005 20010816000000.0 008 010816s1991 it u000 u ita u 013 $a47665 020 $a88-215-2116-8 040 $aSeMil$bita 245 12$aL'antropologia dei maestri spirituali :$bsimposio organizzato dall'Istituto di Spiritualità dell'Università Gregoriana, Roma 28 aprile - 1. maggio 1989 /$ca cura di Charles-André Bernard. 260 $aCinisello Balsamo (Milano) :$bPaoline,$c1991. 300 $a379 p. ;$c21 cm. 490 0 $aSpiritualità ;$v8 650 4$aAntropologia - Atti di congressi.$0(OLS)http://semarc/subject/15638 700 1 $aKolvenbach, Petrus Jacobus Johannes Maternus .$0(OLS)http://semarc/name/90564 700 1 $aBernard, Charles-André,$c.$0(OLS)http://semarc/name/774 830 0$aSpiritualità ;$v8.$0(OLS)http://semarc/title/5897 850 $aSeMil 852 $aSeMil$W1$xVenegono$y1$m2C II 193$j42645$B42645$CSeMilBibl$Z2$F43475 $81 961 $aAcquisto: San Paolo 996 $6020$a88-215-2116-8$9(OLS)http://semarc/number/57398 996 $6245$aL'antropologia dei maestri spirituali :$bsimposio organizzato dall'Istituto di Spiritualità dell'Università Gregoriana, Roma 28 aprile - 1. maggio 1989$9(OLS)http://semarc/title/124006 996 $6260$aCinisello Balsamo (Milano) :$bPaoline$9(OLS)http://semarc/publisher/31197 LEADER 00592naa a2200145 i 4500 001 000000300760 003 CaOOAMICUS 005 20180831172709.0 008 180831n xx u000 u und u 013 $a8482 040 $aSeMil$bita 100 1 $aMaggiani, Silvano M.,$c.$0(OLS)http://semarc/name/35547 245 10$aInterpretare il libro liturgico. 773 0 $tMistero celebrato.$dRoma : CLV Edizioni Liturgiche, 1989.$kBibliotheca Ephemerides Liturgicae. Subsidia$kStudi di liturgia. Nuova serie$z88-85918-43-3$w()34843 996 $6245$aInterpretare il libro liturgico$9(OLS)http://semarc/title/376775